Villes des Hauts-de-Seine en images - Statistiques

Statistiques générales
  • Ce quiz a été pris 145 fois
  • Le résultat moyen est 9 sur 18
Statistiques - réponses
Par images Hint Réponse % Correct
N Nanterre
91%
B Boulogne-Billancourt
88%
C Courbevoie
65%
I Issy-les-Moulineaux
65%
A Antony
56%
S Suresnes
52%
S Saint Cloud
48%
A Asnières sur Seine
47%
S Sceaux
46%
G Gennevilliers
45%
N Neuilly sur Seine
43%
L Levallois-Perret
42%
C Clamart
40%
M Meudon
38%
F Fontenay aux Roses
27%
M Marnes la Coquette
26%
C Chatenay Malabry
25%
C Châtillon
18%
Aucun quiz correspondant
Distribution des résultats
% des personnes avec chaque résultat
Percentile par nombre de réponses
Votre historique - résultats
Vous n’avez pas pris ce quiz